000 00366nam a2200157 i 4500
001 bg
100 1 _aOsiński, Zbigniew
_d(1926-2001).
245 0 _aSprzęgła i hamulce /
_cZ. Osiński.
260 _aWarszawa,
_c1985.
650 9 _aSprzęgła
650 9 _aHamulce
040 _cBPK
041 _apol
942 _cKS
008 s pl f |000 0 pol
999 _c2390
_d2390
856 _uhttp://koha.tu.koszalin.pl/cgi-bin/koha/opac-detail.pl?biblionumber=2390
_yKatalog online BPK